000 00421nam a22001577a 4500
003 NUST - PNEC
005 20170116181118.0
008 151004b xxu||||| |||| 00| 0 eng d
040 _cLIBRARY
082 _a666.72 ROS
100 _9277
_aRosato Dominick V.
245 _aAsbestos; its industrial applications
_cDominick V. Rosato
260 _c1959
650 _913344
_aAsbestos industry
_xME, IME
942 _2ddc
_cBK
999 _c69452
_d69452